1047 1216 1477 1500 1172 1239 1299 1341 1263 1720 1509 1961 1163 1847 1683 1744 1728 1110 1626 1637 1966 1018 1360 1361 1118 1026 1949 1463 1620 1829 1069 1031 1533 1002 1754 1958 1516 1983 1337 1500 1425 1082 1513 1485 1856 1435 1886 1723 1609 1577 1364 1081 1511 1757 1408 1303 1783 1207 1933 1428 1005 1714 1330 1309 1162 1301 1422 1406 1447 1782 1419 1689 1472 1498 1588 1192 1790 1485 1343 1058 1682 1031 1743 1036 1601 1044 1904 1222 1629 1779 1648 1812 1878 1558 1091 1726 1977 1877 1195 BCNSPRNW ULIB Ver.6.0+V

เปลี่ยนเป็นภาษาไทย

Change to English
 แสดงรายละเอียดบรรณานุกรม
  กลับหน้าหลัก

Brief Record : Get Marc (ISO 2709) : E-mail record : QR code < ปิดหน้าต่าง
LEADER : 00000nam 2200000uu 4500
001    13399127692
003     ULIB
008    210420s2562||||th 000 0 tha d
020    ^a9786169299981
060 04 ^aWJ300^bก494
245 10 ^aการพัฒนารูปแบบการป้องกันโรคไตอย่างยั่งยืน /^cจัดทำโดยสถาบันโรคไตภูมิราชนครินทร์ ; สมเกียรติ โพธิสัตย์ ... [และคนอื่นๆ];คณะผู้จัดทำ
250    ^aพิมพ์ครั้งที่ 1
260    ^a[นครปฐม] :^bสถาบัน,^c2562
300    ^axi, 99 หน้า :^bภาพประกอบสี ;^c21 ซม.
650  4 ^aโรคไต^xการป้องกันและควบคุม
650  4 ^aโรคไตเรื้อรัง^xการป้องกันและควบคุม
650  4 ^aการพัฒนา
700 0  ^aสมเกียรติ โพธิสัตย์,^eคณะผู้จัดทำ
700 0  ^aชาตรี บานชื่น,^eคณะผู้จัดทำ
700 0  ^aศัลยเวทย์ เลขะกุล,^eคณะผู้จัดทำ
700 0  ^aวินัย ลีสมิทธิ์,^eคณะผู้จัดทำ
710 2  ^aกระทรวงสาธารณสุข. ^bสถาบันโรคไตภูมิราชนครินทร์
945    ^p0^l0^i008017
999    ^aประนอม เกษจรัล
รายการนี้ยังไม่มีแท็ก
คุณยังไม่ได้ล็อกอิน คุณสามารถมีกิจกรรมร่วมกับเว็บไซต์ได้ แต่ต้องล็อกอินก่อน ::
  ล็อกอิน

รายการสื่อสารสนเทศ

ลำดับที่ ประเภท เลขเรียก/บาร์โค้ด สถานที่ สถานะ
1. วิทยาศาสตร์การแพทย์ และสุขภาพ
วิทยาศาสตร์การแพทย์ และสุขภาพ
WJ300 ก494 ฉ.1 
  Barcode: 008017
ห้องสมุดวิทยาเขตสวรรค์ประชารักษ์
►หนังสือทั่วไป
บนชั้น

รายการใกล้เคียง
    หัวเรื่อง [การพัฒนา]

BibComment


ยังไม่เคยถูกคอมเมนท์

คอมเมนท์ทรัพยากรรายการนี้
  คอมเมนท์: การพัฒนารูปแบบกา..


 Copyright 2026. Bcnsprnw @Library